Sistemas electrónicos de la inyección diesel: EPIC, Common Rail. Tecnologías de inyección directa: regulación, control y averías

Saved in:
Bibliographic Details
Main Author: Castro, Miguel de (Author)
Format: Book
Language:Spanish
Published: Barcelona Ceac 2002
Series:Inyección Electrónica Diesel
Subjects:
Tags: Add Tag
No Tags, Be the first to tag this record!

MARC

LEADER 00000nam a2200000 a 4500
001 UCL2162
003 CL-VaPUC
008 031010e20020000SP |||||||||||||||||spa|d
020 |a 8432912158 
082 0 4 |a 629.2549  |b CAS  |2 21 
100 0 |a Castro, Miguel de  |e author  |9 479180 
245 1 0 |a Sistemas electrónicos de la inyección diesel: EPIC, Common Rail. Tecnologías de inyección directa: regulación, control y averías 
300 |a 201 p 
942 |c BK 
945 |d 20031010 00:00:00  |a cmena 
260 |a Barcelona  |b Ceac  |c 2002 
650 0 |a Motores Diésel  |9 271572 
650 7 |a INYECCION ELECTRONICA  |2 CL-VaPUC  |9 479181 
650 0 |a Automóviles  |9 260871 
650 7 |a MECANICA AUTOMOTRIZ  |2 CL-VaPUC  |9 428677 
650 7 |a MOTORES DE AUTOMOVILES  |2 CL-VaPUC  |9 364790 
583 |a last modification  |c 20031010 00:00:00  |k Rodrigo Vera 
490 0 |a Inyección Electrónica Diesel 
999 |c 305521  |d 305519 
952 |0 0  |1 0  |4 0  |6 629_254900000000000_CAS_2002  |7 0  |8 A  |9 369468  |a BIBMEC  |b BIBMEC  |d 2019-11-21  |i 3949826  |o 629.2549 CAS 2002  |p 3949826  |r 2024-01-19  |w 2019-11-21  |y BK  |k MEC